000 00305nam a22001337a 4500
008 170925b xxu||||| |||| 00| 0 eng d
020 _a9780065003208
041 _aeng
080 _a37
100 _a46
101 _aEDU
245 _aCREATIVE TEACHING A PRACTICAL APPROACH
_cVITO,A.D
942 _2udc
_cBK
999 _c29653
_d29653